| 000 | 00758nas a2200241 4500 | ||
|---|---|---|---|
| 001 | BR0202135 | ||
| 003 | BR-BrBNA | ||
| 005 | 20231205102916.0 | ||
| 007 | ta | ||
| 008 | 230509b bl.|||p| |||| 00| 00por d | ||
| 040 |
_aBR-BrBNA _bpor _cBiblioteca Nacional de Agricultura |
||
| 041 | _a(Pt) | ||
| 072 | _aE71 | ||
| 100 | 1 | _aFreitas, J.C.P. de | |
| 245 | 1 | _aOs mecanismos de defesa da existência e das condições de vida na terra ganham aceitação da opinião pública mundial | |
| 650 | _aCARBONO | ||
| 650 | _aCOMÉRCIO EXTERIOR | ||
| 650 | _aMERCADO | ||
| 650 | _aAGRIBUSINESS | ||
| 773 | 0 |
_tAgroanalysis (Brazil) _xISSN 0100-4298 _g(Jun 2001), v. 21(5) p. 47-49 _wBR0202135 |
|
| 909 |
_a202311 _bLúcia _c55 _dLúcia Elande |
||
| 942 |
_2AGRIS _n0 _cANA |
||
| 999 |
_c170021 _d170021 |
||